Pokémon Games - Statistics

General Stats
  • This quiz has been taken 29 times
  • The average score is 32 of 38
Answer Stats
Hint Answer % Correct
Gen 1 (1996) Green
95%
Gen 1 (1996) Red
95%
Gen 3 (2002) Ruby
95%
Gen 3 (2002) Sapphire
95%
Gen 6 (2013) Y
95%
Gen 5 (2010) Black
90%
Gen 1 (1996) Blue
90%
Gen 3 (2004) Emerald
90%
Gen 2 (1999) Gold
90%
Gen 7 (2016) Moon
90%
Gen 7 (2016) Sun
90%
Gen 5 (2010) White
90%
Gen 6 (2013) X
90%
Gen 1 (1998) Yellow
90%
Gen 5 (2012) Black 2
86%
Gen 4 (2006) Diamond
86%
Gen 4 (2006) Pearl
86%
Gen 4 (2008) Platinum
86%
Gen 2 (1999) Silver
86%
Gen 9 (2022) Violet
86%
Gen 5 (2012) White 2
86%
Gen 8 (2021) Brilliant Diamond
81%
Gen 3 (2004) Fire Red
81%
Gen 4 (2009) Heart Gold
81%
Gen 3 (2004) Leaf Green
81%
Gen 8 (2022) Legends: Arceus
81%
Gen 9 (2022) Scarlet
81%
Gen 8 (2019) Shield
81%
Gen 8 (2021) Shining Pearl
81%
Gen 4 (2009) Soul Silver
81%
Gen 8 (2019) Sword
81%
Gen 7 (2017) Ultra Moon
81%
Gen 7 (2017) Ultra Sun
81%
Gen 6 (2014) Alpha Sapphire
76%
Gen 6 (2014) Omega Ruby
76%
Gen 2 (2000) Crystal
71%
Gen 7 (2018) Let's Go Eevee
71%
Gen 7 (2018) Let's Go Pikachu
71%
No matching quizzes found
Score Distribution
Percent of People with Each Score
Percentile by Number Answered
Your Score History
You have not taken this quiz